| 000 | 01694namaa22003971i 4500 | ||
|---|---|---|---|
| 003 | EG-GICUC | ||
| 005 | 20260127111138.0 | ||
| 008 | 260127m2010 ua ||||jr|||| 000 0 ara d | ||
| 017 |
_a2010 / 15799 _bدار الكتب والوثائق القومية (مصر) |
||
| 020 | _a9789777042185 | ||
| 040 |
_aEG-GiCUC _bara _cEG-GiCUC _dEG-GiCUC _erda |
||
| 041 |
_aara _hfre |
||
| 043 | _af-ua---- | ||
| 082 | 0 | 4 |
_221 _a809.9112 _bA1351 |
| 092 | 0 | 4 |
_221 _a809.9112 _bA1351 |
| 099 | _a809.9112 A1351 | ||
| 100 | 1 |
_aعبد الحافظ، مجدى _eمؤلف. |
|
| 240 | 1 |
_aLa Theorie de l’ evolution : La Trendace Conciliatrice chez Ismail Mazhar _lArabic |
|
| 245 | 1 | 0 |
_aمن ينابيع الحداثة فى العالم العربى (2) : _bالتطور والتوفيقيةعند إسماعيل مظهر / _cتأليف وترجمة مجدى عبد الحافظ |
| 250 | _aالطبعة الاولى | ||
| 264 |
_aالقاهرة (مصر) : _bالمركز القومى للترجمة، _c2010. |
||
| 300 |
_aمجلدات ؛ _c24 سم |
||
| 336 |
_2rdacontent _atext |
||
| 337 |
_2rdamedia _aUnmediated |
||
| 338 |
_2rdacarrier _avolume |
||
| 490 |
_aالمشروع القومى للترجمة ؛ _vالعدد 1622. |
||
| 500 | _aالمكتبة تقتنى المجلد الثانى فقط | ||
| 504 | _aيشتمل على ارجاعات ببليوجرافية. | ||
| 541 |
_aد. جابر عصفور ؛ _bالقاهرة ؛ _cإهداء ؛ _d2024. |
||
| 600 |
_aمظهر، إسماعيل _d1891-1962 |
||
| 650 | 1 | 7 |
_aالحداثة _xتاريخ ونقد _2qrmak |
| 651 | 1 | _2qrmak | |
| 700 | 1 |
_aعبد الحافظ، مجدى _eمترجم. |
|
| 905 | _aNermeen | ||
| 942 |
_2ddc _cBK _e21 _n0 |
||
| 999 |
_c178051 _d178051 |
||